| 000 | 00632nam a22002417a 4500 | ||
|---|---|---|---|
| 003 | UA-OsUOA | ||
| 001 | 125538 | ||
| 007 | ta | ||
| 008 | 20170919b un ||||| |||| 00| 0 ukr d | ||
| 100 | _aХвылевый М. | ||
| 090 |
_a821.161.1 _bХ34 |
||
| 942 | _cBK | ||
| 040 |
_aUA-OsUOA _brus _cUA-OsUOA _dUA-OsUOA |
||
| 245 |
_aСиний ноябрь _bизбранное |
||
| 300 | _a640 с. | ||
| 955 | _a3 | ||
| 041 | _arus | ||
| 080 | _a821.161.1 | ||
| 020 | _a5-206-00202-Х | ||
| 260 |
_aМ. _bИзвестия _c1991 |
||
| 650 | 7 |
_a82 Література. Літературознавство _2UDC |
|
| 999 |
_c412783 _d412783 |
||